000 00194 a2200097 4500
001 25519
100 _a
245 _aA. B. C. of Infrared
260 _a
_bfoulsham-Sams
_c
090 _c17243
_d17243
942 _aNUST-CAE
_c
_c8051
999 _c260592
_d260592